Loading...
Linux unleashed. - 3rd ed. ,/
| Main Author: | |
|---|---|
| Format: | Printed Book |
| Language: | English |
| Published: |
New Delhi:
Techmedia,
1999.
|
| Edition: | 3rd ed. , |
| Subjects: |
| LEADER | 00575 a2200181 4500 | ||
|---|---|---|---|
| 008 | 090312t xxu||||| |||| 00| 0 eng d | ||
| 020 | |a 81 7635 295 0 | ||
| 082 | |a 004.451L PAR | ||
| 100 | |a Parker, Tim. |9 2350 | ||
| 245 | |a Linux unleashed. - 3rd ed. ,/ |c Tim Parker | ||
| 250 | |a 3rd ed. , | ||
| 260 | |a New Delhi: |b Techmedia, |c 1999. | ||
| 300 | |a 1114p. | ||
| 650 | |a Linux. |9 2351 | ||
| 700 | |a Parker, Tim. |9 2349 | ||
| 942 | |2 ddc |c BK |6 _ | ||
| 999 | |c 84719 |d 84719 | ||
| 952 | |0 0 |1 0 |2 ddc |4 0 |6 004451L_PAR |7 0 |9 105885 |a DCA |b DCA |d 2009-03-12 |o 004.451L PAR |p CA001721 |r 2009-03-12 |w 2009-03-12 |y BK | ||